000 00725nam a2200229Ia 4500
005 20241129111217.0
008 241129s9999||||xx |||||||||||||| ||und||
020 _a978-93-86906-93-9
037 _aTB
040 _aCRL
_beng
_cCRL
041 _aeng
_2eng
084 _aR65,6:g(NQ) Q9
_qCRL
100 _aBhalla Alok Au.; Deval Chandra Prakash Au.
245 0 _aGita: Mewari miniature painting (1680-1698) by allah baksh
_cBhalla Alok Au.; Deval Chandra Prakash Au.
260 _aNew Delhi, India
_bNiyogi Books
_c2023
300 _a483p.
365 _aINR
_b1495
546 _aTranslated from English to Sanskrit
650 _aBhagavad Gita
942 _cTB
_hR65,6:g(NQ) Q9
999 _c1229396
_d1229396